000 00601nam a2200193Ia 4500
008 151121s9999||||xx |||||||||||||| ||und||
082 _a812/देशपां
082 _bHNW-43331
100 _aदेशपांडे पु।ल।
245 _aअंमलदार
260 _b"देशमुख ऍन्ड कंपनी, पुणे"
260 _c--
300 _a93
600 _aदेशपांडे पु।ल।
630 _aअंमलदार
700 _aदेशपांडे पु।ल।
730 _aअंमलदार
942 _cBOOK
999 _c1231487
_d1231484